[Event "BL2 Sued 0102 (Women)"]
[Site "Germany"]
[Date "2001.12.01"]
[Round "3.4"]
[White "Lutz, Anke"]
[Black "Zemke, Christine"]
[Result "1-0"]
[WhiteElo "2255"]
[BlackElo "1785"]
[PlyCount "79"]
[EventDate "2001.10.27"]
[EventType "team-tourn"]
[EventRounds "7"]
[EventCountry "GER"]
[SourceTitle "EXT 2003"]
[Source "ChessBase"]
[SourceDate "2002.11.25"]
[SourceVersion "1"]
[SourceVersionDate "2002.11.25"]
[SourceQuality "1"]
[WhiteTeam "Baden Oos"]
[BlackTeam "Schott Mainz"]
[WhiteTeamCountry "GER"]
[BlackTeamCountry "GER"]

1. e4 d5 2. exd5 Qxd5 3. Nc3 Qd6 4. d4 c6 5. Nf3 Bg4 6. Be3 Nf6 7. h3 Bh5 8. g4 Bg6 9. Ne5 Nd5 10. Nxd5 cxd5 11. c3 Nc6 12. Qa4 f6 13. Nxg6 hxg6 14. Bd3 g5 15. Bg6+ Kd8 16. 0-0-0 a6 17. Kb1 b5 18. Qc2 Kc8 19. Rdf1 Kb7 20. f4 gxf4 21. Bxf4 Qd8 22. Re1 Na5 23. Qg2 Nc4 24. Bf7 Nb6 25. h4 Rc8 26. Be6 Rc6 27. h5 Ka7 28. Rhf1 Kb7 29. Bg3 Ka7 30. Rf5 a5 31. Bxd5 Nxd5 32. Rxd5 Qc8 33. Rxb5 e5 34. Rxa5+ Kb6 35. Qd5 Bd6 36. Qb5+ Kc7 37. dxe5 fxe5 38. Ra7+ Kd8 39. Qd5 Re8 40. Bh4+ 1-0

[Event "ENG-GER m (Women)"]
[Site "Battle Abbey"]
[Date "2001.02.18"]
[Round "2"]
[White "Flear, Christine"]
[Black "Lutz, Anke"]
[Result "1/2-1/2"]
[WhiteElo "2184"]
[BlackElo "2279"]
[PlyCount "60"]
[EventDate "2001.02.17"]
[EventType "team"]
[EventRounds "10"]
[EventCountry "ENG"]
[SourceTitle "CBM 080 Extra"]
[Source "ChessBase"]
[SourceDate "2001.03.08"]
[SourceVersion "1"]
[SourceVersionDate "2001.03.08"]
[SourceQuality "1"]

1. d4 d5 2. c4 e6 3. Nc3 Be7 4. cxd5 exd5 5. Bf4 c6 6. e3 Bf5 7. g4 Be6 8. h3 h5 9. gxh5 Nd7 10. Be2 Ndf6 11. Rh2 Qb6 12. a3 Nh6 13. Na4 Qd8 14. Rc1 Bd6 15. Bxd6 Qxd6 16. Rg2 Nf5 17. Nc5 Bc8 18. Bg4 Qe7 19. Nf3 Nxh5 20. Ne5 g6 21. Bxh5 Rxh5 22. Qxh5 gxh5 23. Rg8+ Qf8 24. Rxf8+ Kxf8 25. Ncd3 f6 26. Ng6+ Kg7 27. Ngf4 Kh6 28. Ke2 Nd6 29. Rg1 Bf5 30. f3 Re8 1/2-1/2